000
00318nam a2200133Ia 4500
005
20251222155144.0
008
251222s9999||||xx |||||||||||||| ||spa||
082
_a
PED. 17.3
100
_a
Univ.Cayetano H.
245
0
_a
Movilización Social y Comunicación
250
_a
1ra. ed.
264
_b
Latina
942
_c
LIB
999
_c
39312
_d
39312